Normal view
MARC view
- Safar namah
Entry Topical Term
001 - CONTROL NUMBER
- control field: 3347
003 - CONTROL NUMBER IDENTIFIER
- control field: NUST
005 - DATE AND TIME OF LATEST TRANSACTION
- control field: 20170718112619.0
008 - FIXED-LENGTH DATA ELEMENTS
- fixed length control field: 170718|| aca||aabn | a|a d
040 ## - CATALOGING SOURCE
- Original cataloging agency: NUST
- Transcribing agency: NUST
150 ## - HEADING--TOPICAL TERM
- Topical term or geographic name entry element: Safar namah
670 ## - SOURCE DATA FOUND
- Source citation: Work cat.: (NUST)0: Qāsmī, ʻAt̤āʻulḥaq. 1461, G̲h̲air mulkī sayyāḥ kā safarnāmah-yi Lāhore /, 2007.
